[Event "EU-Cup 22nd"]
[Site "Fuegen"]
[Date "2006.10.11"]
[Round "4.2"]
[White "Shirov, Alexei"]
[Black "Roiz, Michael"]
[Result "1-0"]
[WhiteElo "2720"]
[BlackElo "2611"]
[Annotator "Krasenkow,M"]
[PlyCount "75"]
[EventDate "2006.10.08"]
[EventType "team-swiss"]
[EventRounds "7"]
[EventCountry "AUT"]
[SourceTitle "CBM 115"]
[Source "ChessBase"]
[SourceDate "2006.11.15"]
[SourceVersion "1"]
[SourceVersionDate "2006.11.15"]
[SourceQuality "1"]
[WhiteTeam "Ural Sverdlovskaya"]
[BlackTeam "Beer Sheva"]
[WhiteTeamCountry "RUS"]
[BlackTeamCountry "ISR"]

1. e4 c5 2. Nf3 Nc6 3. Nc3 e5 4. Bc4 Be7 5. d3 d6 6. Nd2 Bg5 7. h4 Bh6 8. Qh5
$5 {This brilliand discovery of Michael Adams (1995) breathed new life into
this system.} Qd7 (8... g6 9. Qd1 {[%cal Yh4h5] is Adams' main idea, tested in
many games since - see CBM 104, annotations to Adams-Haznedaroglu.}) 9. Nd5 {
The most obvious move preventing 9...Nf6.} (9. Nb5 Nd8 10. a4 Nf6 11. Qd1 O-O
12. Nf1 Bxc1 13. Qxc1 d5 14. exd5 Nxd5 15. Ne3 Nxe3 16. fxe3 e4 (16... Qe7 $5 {
[%cal Yc8e6]}) 17. dxe4 Qg4 18. Qd2 Qxe4 19. Nd6 Qg4 20. O-O Qxh4 21. Rf4 Qe7
22. Raf1 $44 {1-0 Pisk,P-Mudrak,J/Czechia 1998/EXT 2000 (56)}) (9. Nf1 Nf6 10.
Qd1 Bxc1 11. Rxc1 O-O 12. Ne3 Rb8 13. a4 a6 14. Ncd5 Nxd5 15. Bxd5 Kh8 16. c3
Ne7 17. O-O f5 18. exf5 Nxd5 19. Nxd5 Qxf5 20. Qe2 Be6 $11 {1-0 Belov,
V-Smirnov,P/chessassistantclub.com INT 2004/CBM 104 ext (49)}) 9... Rb8 10. c3
(10. a4 Qd8 (10... a6 11. c3 Kf8 12. Qf3 Qg4 13. Qxg4 Bxg4 14. a5 Nge7 15. Ne3
Bxe3 16. fxe3 h5 17. O-O f6 18. b3 Ng6 19. g3 Ke7 20. Bb2 Rhd8 21. d4 $14 {
1-0 Cabrilo,G-Drasko,D/Jahorina 2000/EXT 2001 (37)}) 11. Nf1 Bxc1 12. Rxc1 Nge7
13. Nxe7 Qxe7 14. Ne3 O-O 15. Qg5 {1/2-1/2 Movsesian,S-Radjabov,T/Feugen AUT
2006}) 10... b5 (10... Qd8 $5 {was possible here, too:} 11. Ne3 Qf6 12. Ndf1
Nge7 13. Ng4 Bxg4 14. Qxg4 Bxc1 15. Rxc1 b5 16. Bb3 c4 17. Bc2 cxd3 18. Bxd3 b4
$11 {1-0 Petrosian,T-Smirnov,P/Feugen AUT 2006 (42)}) 11. Bb3 Nce7 12. Ne3 Nc6
$6 {Renewing the Nf6 threat and silently offering a draw. Still, it's too
passive.} (12... c4 $5 13. dxc4 Bxe3 14. fxe3 Nf6 15. Qf3 O-O 16. O-O Ba6 17.
cxb5 Qxb5 18. Bc4 Qc6 19. Bxa6 Qxa6 20. c4 (20. h5 $142 h6 21. c4 Nh7 {V.
Kramnik}) 20... h5 21. b3 Ng4 22. Bb2 Qb6 (22... f5 $142 {V.Kramnik}) 23. c5 $1
dxc5 24. Nc4 Qe6 25. Rad1 Rfd8 26. Ba3 $14 {1/2-1/2 Leko P-Kramnik V/Monaco 
(rapid) 2004(34)}) 13. Ndf1 Nf6 14. Qf3 O-O (14... Qd8 15. g4 Bxe3 16. Nxe3 Be6
17. g5 Nd7 18. Nf5 $16) 15. g4 $1 {GM Alexey Shirov's pet move. In many
openings he applies it even before Black's castling! Here it starts a strong
attack.} Bxe3 (15... Nxg4 $2 16. Nf5) (15... Bf4 16. g5 Ne8 17. Ng3 $36) 16.
Nxe3 Ne7 {The g4 pawn was poisoned:} (16... Nxg4 17. Rg1 Nxe3 (17... h5 18. Qg3
g6 19. f3 c4 $8 20. fxg4 cxb3 21. gxh5 $18 {->}) (17... Nh6 18. Qf6 g6 19.
Rxg6+ $18) 18. Bxe3 Qh3 (18... Kh8 19. Bh6 $1 $18) 19. Rg3 ({winning an
exchange} 19. Qxh3 Bxh3 20. Bh6 {shouldn't satisfy White}) 19... Qxh4 20. O-O-O
$18 {[%cal Rd1h1] ->}) 17. g5 Ne8 (17... Ng4 18. Nd5 $16 {[%csl Rg4]}) 18. h5
$16 {[%mdl 128] ->} Bb7 19. Ng4 c4 $5 {A desperate attempt to create
counterplay in the centre.} 20. h6 $1 Qf5 $5 (20... cxb3 21. hxg7 Kxg7 22. Qh3
Rh8 23. Qh6+ Kg8 24. Nf6+ Nxf6 25. gxf6 Qg4 26. Bg5 $18) 21. Qh3 (21. Qg2 cxb3
(21... Qg6 22. hxg7 Qxg7 (22... Kxg7 23. Rh6) 23. dxc4 $18) 22. hxg7 Kxg7 23.
exf5 Bxg2 24. f6+ Kh8 25. fxe7 Rg8 26. Rh2 $18 {was even stronger.}) 21... Qg6
22. hxg7 Kxg7 23. Qe3 {[%cal Rh1h6]} (23. Bc2 {was simpler. If} cxd3 {then} 24.
Qxd3) 23... h5 $1 {Black is defending like a lion (although the lion attacks
more often than defends) but his position is terribly compromised.} 24. Bc2 $1
(24. gxh6+ Kh8 {is quite unclear.}) 24... hxg4 {Giving up a queen but Black's
choice was grim:} (24... f5 $5 25. gxf6+ Nxf6 26. Nxf6 Rxf6 27. Bd2 {[%cal
Re1c1]} Qg4 $1 28. Qg5+ (28. Qxa7 Nc6) 28... Qxg5 29. Bxg5 Rf7 30. dxc4 bxc4
31. O-O-O $18 {[%cal Rd1g1,Rd1d6]}) (24... cxd3 $5 25. Bxd3 f6 26. gxf6+ Nxf6
27. Nxf6 Rxf6 (27... Kxf6 28. Bd2 Qg4 29. f3 Qg3+ 30. Kd1 $18) 28. Bd2 Qg4 29.
Qg5+ Qxg5 30. Bxg5 $16) 25. Rh6 Rh8 26. Rxg6+ Nxg6 27. Qxa7 Nc7 28. Be3 b4 29.
dxc4 bxc3 30. bxc3 g3 31. O-O-O g2 32. f4 $5 {White brings home his advantage
in a very energetic way.} (32. f3 {was quite enough.}) 32... exf4 33. Bd4+ Ne5
34. Qa5 Ne6 35. Bxe5+ dxe5 36. Qxe5+ Kg6 37. Qf5+ Kh5 38. Rg1 1-0

[Event "POL-ch 54th"]
[Site "Sopot"]
[Date "1997.??.??"]
[Round "8"]
[White "Kuczynski, Robert"]
[Black "Krasenkow, Michal"]
[Result "1/2-1/2"]
[WhiteElo "2500"]
[BlackElo "2615"]
[Annotator "Krasenkow,M"]
[PlyCount "121"]
[EventDate "1997.03.18"]
[EventType "tourn"]
[EventRounds "15"]
[EventCountry "POL"]
[EventCategory "9"]
[SourceTitle "CBM 059"]
[Source "ChessBase"]
[SourceDate "1997.08.01"]
[SourceVersion "1"]
[SourceVersionDate "1997.08.01"]
[SourceQuality "1"]

1. e4 c5 2. Nf3 Nc6 3. Bb5 e6 4. O-O Nge7 5. Nc3 Nd4 6. Nxd4 cxd4 7. Ne2 a6 8.
Ba4 Nc6 9. d3 Bc5 $146 (9... Be7 {-52/(162)}) 10. c3 b5 11. Bb3 Bb7 12. Bf4 Qb6
$11 13. cxd4 Nxd4 14. Nxd4 Bxd4 15. Qd2 O-O 16. Rac1 Rac8 17. Be3 (17. Rxc8
Rxc8 18. Be3 $11) 17... Rc6 18. Rfd1 (18. Rxc6 dxc6 $1) 18... f5 $5 19. Rxc6
Bxc6 20. Re1 a5 21. a3 b4 22. axb4 Bxe3 23. Rxe3 f4 24. Re2 (24. Re1 Rb8 $1 25.
Rc1 a4 $1 26. Ba2 Qxb4 27. Qxb4 (27. Qxf4 Qxb2) 27... Rxb4 28. Rc2 Kf7 $17)
24... f3 (24... Rb8 25. Qxf4) 25. gxf3 (25. Re3 $5 fxg2 26. Rg3 $11) 25... Rxf3
26. Bc4 axb4 $15 {xKg1} 27. Qg5 $6 (27. Kg2 Rf6 28. Qe3) 27... Qd4 28. Qd8+ Kf7
29. Qg5 Rf6 30. Qe3 Qe5 31. f3 Qh5 32. Rf2 Kg8 33. d4 $138 (33. Bb3) 33... d5
$1 34. exd5 Bxd5 35. Bxd5 exd5 $15 (35... Qxd5 36. Re2 $5) 36. Rf1 $1 h6 (36...
Qg6+ 37. Kh1 Re6 38. Qb3 $132) 37. Qe5 $1 Qf7 (37... Rg6+ 38. Kh1) (37... Qxe5
38. dxe5 Rf5 39. f4 g5 40. Rd1 $1 Rxf4 41. Rxd5 Kf7 42. Rd6 $11) 38. Qb8+ Kh7
39. Qxb4 Qg6+ 40. Kh1 Qd3 41. Qe1 Rxf3 42. Rxf3 Qxf3+ 43. Kg1 Qg4+ 44. Kh1 (44.
Kf1 $5) 44... Qxd4 45. Qb1+ g6 46. b4 h5 $5 (46... Qf2 47. b5 d4 48. b6 Qf3+
49. Kg1 d3 50. b7 $11) 47. b5 h4 (47... Qb6 $6 48. Kg2) 48. b6 h3 49. Qf1 (49.
b7 $4 Qf2 $19) 49... Qe4+ 50. Kg1 Qg4+ (50... Qe3+ 51. Qf2 $1 Qg5+ 52. Kf1) 51.
Kh1 $2 (51. Kf2 $1 d4 52. Qe2 $1 $11) 51... Kg7 $17 52. b7 Qb4 53. b8=Q $6 (53.
Qxh3 Qxb7 $17) 53... Qxb8 54. Qg1 $6 (54. Qxh3 $17) 54... Qc8 $4 (54... Qe8 55.
Qd4+ Kh7 56. Qh4+ Kg8 57. Qxh3 $17) (54... Qf8 $1 55. Qd4+ (55. Qa7+ Kg8) 55...
Qf6 56. Qa7+ Qf7 57. Qa1+ Kh6 $1 (57... Kh7 58. Qa7) 58. Qh8+ Kg5 59. Qxh3 (59.
Qd8+ Kg4 $19) (59. Qe5+ Qf5 60. Qg3+ Kh5 $19) 59... Qf2 $19) 55. Qd4+ Kh7 56.
Qh4+ Kg8 57. Qg5 $1 $11 Kf7 (57... Qf5 58. Qxg6+ Qxg6 $11) (57... Qd7 58. Qxg6+
Kf8 59. Qf6+ $11) 58. Qxd5+ Kg7 59. Qd4+ Kh7 60. Qh4+ Kg8 61. Qg5 1/2-1/2

[Event "RUS-ch 72nd"]
[Site "Izhevsk"]
[Date "2019.08.16"]
[Round "6"]
[White "Jakovenko, Dmitrij"]
[Black "Alekseenko, Kirill"]
[Result "0-1"]
[WhiteElo "2704"]
[BlackElo "2668"]
[Annotator "Krasenkow,M"]
[PlyCount "78"]
[EventDate "2019.08.10"]
[EventType "tourn"]
[EventRounds "11"]
[EventCountry "RUS"]
[EventCategory "18"]
[SourceTitle "CBM 192"]
[Source "ChessBase"]
[SourceDate "2019.10.31"]
[SourceVersion "1"]
[SourceVersionDate "2019.10.31"]
[SourceQuality "1"]

{[%evp 0,78,37,37,46,46,41,52,49,39,36,38,65,11,6,22,32,15,23,19,20,8,41,19,16,
6,33,45,40,40,49,31,20,14,10,5,24,0,15,-27,-27,-32,-7,-17,-3,-15,-3,-9,-7,-19,
6,-1,-1,-7,-17,-3,-3,-3,-3,-86,-44,-44,-36,-28,-28,-41,-30,-30,-20,-94,-96,
-261,-261,-261,-182,-177,-177,-758,-559,-561,-554]} 1. e4 c5 2. Nf3 Nc6 3. Nc3
e5 4. Bc4 Be7 $5 5. d3 d6 6. Nd2 Nf6 7. Nf1 Nd7 $5 8. Nd5 Nb6 9. Nxb6 $5 axb6 {
This idea was introduced by Vasyl Ivanchuk in his FIDE World Championship game
against Vishy Anand in 2001.} 10. Ne3 (10. c3 {, preventing ...b6-b5, is more
accurate. Here are some examples:} O-O 11. Ne3 Bg5 12. O-O Kh8 $5 (12... Bxe3
$5 13. Bxe3 Qe7 (13... Be6 14. a3 Qd7 15. Qb3 Bxc4 16. Qxc4 Kh8 17. Qb5 Ra6 18.
d4 Qe7 19. dxc5 bxc5 20. b4 $14 {1/2 (94) Kurnosov,I (2527)-Smirnov,P (2629)
Krasnoyarsk 2003}) 14. f4 exf4 $1 15. Bxf4 Be6 16. Bxe6 (16. Bd5 Qd7 17. a3 Ne7
18. Qb3 Bxd5 19. exd5 b5 $11 {1/2 (48) Illescas Cordoba,M (2626)-Nataf,I (2565)
Mallorca 2004}) 16... Qxe6 $1 17. Qb3 Qxb3 18. axb3 Rad8 19. Bg3 Rd7 20. Rf5
Rfd8 21. b4 Ne7 $1 {[%cal Yd6d5] 1/2 (21) Leko,P (2739)-Kramnik,V (2785)
Dortmund 2003 CBM 097 [Erenburg,S]}) 13. a3 $6 (13. Bd2 {0-1 (42) Anand,V 
(2770)-Ivanchuk,V (2731) Moscow 2001 CBM 086 [Ftacnik,L]} f5 $11) 13... f5 $1
14. Nxf5 Bxc1 15. Rxc1 Bxf5 16. exf5 d5 $1 17. Ba2 (17. Bb5 $5 Rxf5 18. Bxc6
$11) 17... Rxf5 18. Qg4 Rf6 $11 {0-1 (33) Svidler,P (2735)-Carlsen,M (2845)
Karlsruhe/Baden Baden 2019 CBM 190 [Nielsen,Peter Heine]}) (10. a4 O-O 11. Ne3
Bg5 {was played in the below-mentioned game Timofeev-Jakovenko and led to the
position from the present game after} 12. O-O) 10... Bg5 ({Black misses an
opportunity to improve his pawn structure by means of} 10... b5 $1 11. Bb3 (11.
Bxb5 $4 Qa5+) 11... O-O $11 {After the text move he must work harder to
equalize.}) 11. O-O O-O 12. a4 Kh8 {[%cal Yf7f5]} (12... Bxe3 $5 {is another
plan:} 13. Bxe3 Be6 14. Bxe6 fxe6 15. c3 d5 16. Qb3 Kh8 17. Rad1 h6 18. h3 Rf7
19. exd5 exd5 20. f4 Qd6 21. Qxb6 exf4 22. Qxc5 Qxc5 23. Bxc5 Rxa4 $11 {
1/2 (64) Timofeev,A (2611)-Jakovenko,D (2596) Izmir 2004}) 13. Nd5 (13. c3 f5
14. Nxf5 {1-0 (25) Babault,P (2320)-Meynard,T (2288) France 2008} Bxc1 15. Rxc1
Bxf5 16. exf5 d5 $11) 13... Bxc1 14. Qxc1 f5 15. exf5 Bxf5 16. f4 Be6 {Black
keeps control of the d5 square.} 17. Qd2 Bg8 {Setting up a subtle trap.} 18. f5
{This obvious move is actually a tactical oversight!} (18. c3 $11) 18... Nd4 $1
{[%mdl 64]} 19. c3 ({Surprisingly, White can't protect his f5 pawn as} 19. g4
$2 {loses in view of} b5 $1 20. axb5 (20. Ba2 Rxa4 {is hopeless, too}) 20...
Rxa1 21. Rxa1 Nf3+) ({, and} 19. Ne3 $6 d5 {is clearly favorable for Black.})
19... Nxf5 20. Qe2 {Fortunately for White, he has a decent compensation for
the pawn (control of light squares). Sooner or later, Black has to exchange
White's d5 knight, otherwise he can't remove his queen from d8. He takes the
knight at once.} Bxd5 21. Bxd5 Qd7 22. Qf3 Rf6 23. Bxb7 Raf8 {Black has given
up the pawn but consolidated his position. Chances are approximately equal now.
} 24. Bc6 Qd8 25. Be4 Ne7 26. Qh3 g6 27. Rxf6 Rxf6 28. Qe3 Qc7 29. b4 $6 {
Too optimistic. Quiet play was appropriate, say,} (29. Bf3) 29... cxb4 30. cxb4
Qc3 31. Qe1 (31. Rb1 d5 32. Bf3 e4 $17) 31... Qd4+ 32. Kh1 d5 33. Bf3 Nc6 34.
a5 $2 (34. Rb1 $1 {was a passive but right defense. White holds on in that
case, e.g.} Qxd3 35. Rd1 Qb3 36. b5 (36. Bxd5 Qxb4 37. Bxc6 Qxe1+ 38. Rxe1 Rxc6
39. Kg1 {must be enough for a draw, too}) 36... e4 $8 37. Bxe4 $1 dxe4 38. bxc6
Rxc6 39. Rd8+ Kg7 40. Rd7+ $11) 34... Nxb4 35. a6 $2 (35. axb6 $2 Nxd3 {
is equally poor.}) (35. Qg1 {was the only chance to continue resistance. Of
course, Black keeps an extra pawn and winning chances after, say,} bxa5 36.
Qxd4 exd4 37. Rxa5 Rd6) 35... Nxd3 36. Qb1 Nf2+ 37. Kg1 g5 $1 {Threatening 38..
.Ne4+ 39.Kh1 Ng3+! 40.hxg3 Rh6+.} 38. Qa2 Ng4+ $1 {Black finds the most
convincing way to win.} ({The immediate} 38... Ne4+ {is less accurate in vew of
} 39. Kf1 (39. Kh1 Ng3+) {, and Black must find something like} 39... Nd2+ 40.
Ke2 e4 $1 41. a7 (41. Qxd2 exf3+ 42. gxf3 Re6+ $19) 41... exf3+ 42. gxf3 Re6+
43. Kd1 Nb1+ $19) 39. Kh1 Qf4 $1 (39... Qf4 40. Kg1 $8 Qe3+ $1 41. Kh1 Nf2+ 42.
Kg1 Ne4+ 43. Kf1 (43. Kh1 Ng3+) 43... Nd2+ $19) 0-1

[Event "POL-ch 54th"]
[Site "Sopot"]
[Date "1997.??.??"]
[Round "12"]
[White "Pedzich, Dominik"]
[Black "Krasenkow, Michal"]
[Result "1/2-1/2"]
[WhiteElo "2465"]
[BlackElo "2615"]
[Annotator "Krasenkow,M"]
[PlyCount "125"]
[EventDate "1997.03.18"]
[EventType "tourn"]
[EventRounds "15"]
[EventCountry "POL"]
[EventCategory "9"]
[SourceTitle "CBM 059"]
[Source "ChessBase"]
[SourceDate "1997.08.01"]
[SourceVersion "1"]
[SourceVersionDate "1997.08.01"]
[SourceQuality "1"]

1. e4 c5 2. Nf3 Nc6 3. Bb5 e6 4. O-O Nge7 5. Re1 Nd4 6. Nxd4 cxd4 7. c3 Nc6 8.
d3 Bc5 9. Nd2 $1 $146 (9. Qg4 $6 {-Inf 62/(155)}) 9... Qb6 (9... dxc3 10. bxc3
Qb6 (10... Bxf2+ 11. Kxf2 Qb6+ 12. Re3 Qxb5 13. Ba3 $40) 11. d4 Qxb5 12. a4 Qa5
13. Nb3 Qxc3 14. Re3 Qc4 15. dxc5 $44) 10. Bxc6 dxc3 $6 (10... dxc6 11. Nb3 $36
) 11. Nc4 $1 Qxc6 12. Qg4 $1 Bf8 (12... Bd4 13. e5) 13. e5 $1 (13. bxc3 b5 14.
Ne5 Qc7 $13 (14... Qxc3 15. Bf4 $36)) 13... f5 $6 (13... b5 14. Nd6+ Bxd6 15.
Qxg7 Rf8 16. exd6 Bb7 17. Bh6 O-O-O 18. Qxc3 $16) 14. exf6 gxf6 15. bxc3 b5 $2
(15... d5 16. Ne3 $40 (16. Qh5+ Kd8 17. Qf7 Be7 18. Ba3 Re8 19. Bxe7+ Rxe7 20.
Qf8+ Qe8 $11)) 16. Qh5+ Kd8 17. Qf7 e5 (17... Be7 18. Ba3 Bxa3 19. Qxf6+ Kc7
20. Nxa3 (20. Qe5+ d6) 20... Bb7 21. Qe5+ Kb6 22. Re4 $18) 18. Bg5 $3 (18. Na5
Qe6 $11) 18... fxg5 19. Nxe5 Qd6 (19... Qb6 20. Qd5 $18) 20. Qf3 Kc7 21. Qxa8
$18 Bb7 22. Qxa7 Qd5 23. Re4 (23. Qa5+ $18) 23... Bc5 24. Qa5+ Bb6 25. Qb4 d6
26. Nf3 Qxd3 27. Re7+ Kb8 28. Rb1 Bc6 29. Nd4 Rc8 30. Nxc6+ Rxc6 31. Qxb5 Qc2
32. Rf1 Qxc3 33. Qa6 $4 $138 Bxf2+ 34. Rxf2 Rxa6 35. Rf8+ Qc8 36. Rxc8+ Kxc8
37. Rxh7 Rxa2 $11 38. Rg7 Ra5 39. Kf2 Kd8 40. Kg3 Rf5 $2 $138 (40... Ke8 41.
Kg4 Ra2 42. Kh3 Ra5 43. g3 Kf8 44. Rg6 Kf7 45. Rxd6 Ra4 $11) 41. Kg4 Rf2 42.
Kg3 Rf5 43. h3 Ke8 $6 (43... d5) 44. Kg4 Rf2 45. g3 d5 46. Rxg5 d4 47. Rd5 Rd2
48. Kf4 Rd3 49. h4 Ke7 50. g4 $6 Ke6 51. Rd8 Ke7 52. Ra8 $2 (52. Rd5 Ke6 53.
Re5+ Kf7 (53... Kd6 54. h5 Rh3 55. Re8 $18) 54. h5 Rh3 55. Rd5 $18) 52... Rh3
53. Kg5 d3 54. Ra4 (54. Ra2 Re3 55. Rd2 $6 {xRd2}) 54... d2 55. Rd4 Rh2 56. h5
Re2 57. Rd3 Ke6 58. Kh6 (58. Kf4 Rh2 59. Kg3 Re2 {/\60...Kf6=}) 58... Ke7 $1
59. g5 Re6+ 60. Kg7 $6 (60. g6 Rd6 61. Rxd6 Kxd6 62. g7 d1=Q 63. g8=Q Ke7 $11)
60... Rd6 61. Rxd2 Rxd2 62. h6 Ke6 63. h7 1/2-1/2

[Event "New York op"]
[Site "New York"]
[Date "1997.??.??"]
[Round "4"]
[White "Bologan, Viktor"]
[Black "Krasenkow, Michal"]
[Result "0-1"]
[WhiteElo "2575"]
[BlackElo "2615"]
[Annotator "Krasenkow,M"]
[PlyCount "84"]
[EventDate "1997.04.02"]
[EventType "swiss"]
[EventRounds "9"]
[EventCountry "USA"]
[SourceTitle "CBM 057 Extra"]
[Source "ChessBase"]
[SourceDate "1997.05.01"]
[SourceVersion "1"]
[SourceVersionDate "1997.05.01"]
[SourceQuality "1"]

1. e4 c5 2. Nf3 Nc6 3. Bb5 e6 4. Bxc6 bxc6 5. d3 Ne7 6. Nh4 $5 Ng6 7. Nxg6 hxg6
8. Be3 $146 d5 9. Nd2 Bd6 10. c3 Ba6 11. Qc2 f5 $5 12. e5 Be7 13. O-O-O Kf7 $6
(13... O-O 14. f4 d4 15. cxd4 cxd4 16. Bf2 c5 $13) 14. Nf3 $5 {/\15.c4} g5 15.
h3 $6 (15. c4 $13) 15... c4 $6 (15... f4 16. Bd2 c4 17. dxc4 Bxc4 {/\18...Be2-/
+} 18. Nd4 Bxa2 19. Nxc6 Qc7 20. Nxe7 Qxe7 $36) 16. dxc4 Bxc4 17. Nd2 (17. Nd4
$6 Bxa2 18. Nxc6 Qc7 19. Nxe7 Qxe7 $36) 17... Be2 18. Rde1 Bb5 19. f4 $2 (19.
Nb3 Ba4) (19. a4 Ba6 20. Nb3 $132) 19... Qa5 (19... gxf4 20. Bxf4 Qa5 21. Kb1
Qa6 $17 22. Re3 g5 23. Bh2 f4 24. Rf3 Be2 $17) 20. Kb1 Qa6 $6 (20... gxf4 21.
Bxf4 Qa6 $17) 21. c4 dxc4 22. Rc1 $4 (22. fxg5 Rhd8 23. g6+ {/\24.g4<=>}) 22...
Rhd8 $1 23. Nxc4 (23. fxg5 c3 $1 24. Qxc3 Rd3 $19) 23... gxf4 24. Bf2 (24. Bxf4
$2 Rd4 $19) 24... Rab8 $19 25. Qc3 Bxc4 26. Qxc4 Qa5 (26... Qxc4 $19 {_|_}) 27.
Bd4 $6 Qd2 28. Bc3 Qxg2 29. Qxf4 Bg5 30. Qa4 (30. Qf1 Qe4+ 31. Rc2 Bd2 $19)
30... Bxc1 31. Qxa7+ Kg8 32. Rxc1 Qe4+ (32... Qxh3 $19) 33. Ka1 Ra8 34. Qc5 Qc2
35. Bb4 Qa4 36. a3 Rd1 37. Rxd1 Qxd1+ 38. Ka2 Qd5+ 39. Qxd5 exd5 40. e6 f4 41.
Bc5 f3 42. b4 Re8 0-1

[Event "RUS-ch"]
[Site "Elista"]
[Date "1995.??.??"]
[Round "11"]
[White "Sokolov, Andrei"]
[Black "Krasenkow, Michal"]
[Result "1-0"]
[WhiteElo "2585"]
[BlackElo "2590"]
[Annotator "Krasenkow,M"]
[PlyCount "111"]
[EventDate "1995.10.??"]
[EventType "swiss"]
[EventRounds "11"]
[EventCountry "RUS"]
[SourceTitle "CBM 050"]
[Source "ChessBase"]
[SourceDate "1996.02.01"]
[SourceVersion "1"]
[SourceVersionDate "1996.02.01"]
[SourceQuality "1"]

1. e4 {Dolmatov} c5 2. Nf3 Nc6 3. Nc3 e5 4. Bc4 d6 5. d3 Be7 6. Nd2 Bg5 {N/} (
6... Nf6 {Dolmatov} 7. Nf1 Bg4 8. f3 Be6 9. Ne3 O-O 10. O-O Rb8 11. a3 $14 {
Emms,J-Grivas,E/Kapavogur/1994/}) 7. Nf1 (7. O-O {Dolmatov} Nf6) 7... Bxc1 8.
Rxc1 Nge7 (8... Nf6 {Dolmatov} 9. Ne3 O-O 10. O-O Be6 11. Ncd5 $14) 9. Ne3 O-O
10. O-O Kh8 (10... Be6 11. Ncd5 Na5) 11. Qh5 Ng6 (11... f5 $6 12. f4 $1 $40)
12. Ncd5 Nf4 13. Nxf4 exf4 14. Nd5 Ne5 15. f3 (15. Nxf4 $2 {Dolmatov} Bg4 $19)
(15. h3 {Dolmatov} Be6 (15... f3 16. gxf3 Ng6 17. f4)) 15... Rg8 (15... Be6 {
Dolmatov} 16. Bb3 Bxd5 17. Bxd5 Rb8 18. g3 Qf6) 16. g3 (16. Nxf4 $6 {Dolmatov}
g6 17. Qh6 g5 18. Nd5 Rg6 19. Qh5 Kg7 20. f4 Bg4) 16... fxg3 17. hxg3 Be6 18.
Ne3 g6 19. Qh6 Qf6 $2 (19... g5 $1 20. Bxe6 Rg6 21. Qh5 fxe6 22. Rf2 $10) (
19... Nxc4 {Dolmatov} 20. dxc4 Qf6 21. c3 Rad8 22. Rcd1 $14) 20. Bxe6 (20. f4
$2 {Dolmatov} Nxc4 (20... Ng4 21. Nxg4 Bxg4 22. f5 Qe5 23. Qf4 gxf5) 21. dxc4
Qd4 22. Kf2 Qxe4 $17) 20... fxe6 21. f4 Nf7 22. Qh3 Qd4 (22... Qxb2 $2 {
Dolmatov} 23. Qxe6 $16) 23. Kf2 Rae8 24. Ke2 Rg7 25. Qh4 {/\c3} g5 26. fxg5 Ne5
(26... Nxg5 {Dolmatov} 27. c3 Qa4 (27... Qe5 $4 28. Ng4) 28. Qf4 $40) 27. b3 b5
(27... d5 28. Rf6 (28. exd5 exd5 29. Qxd4 cxd4 30. Nxd5 Ng4+ 31. Kd2 Rxg5 $13)
28... dxe4 29. dxe4 $16) 28. Rf6 c4 29. dxc4 bxc4 30. Rd1 Qc5 31. Qf4 cxb3 (
31... Nd7 32. Rf7) 32. Rf8+ Rxf8 33. Qxf8+ Rg8 34. Qf6+ Rg7 35. axb3 Nf7 (35...
Qb5+ {Dolmatov} 36. c4 Qxb3 37. Rxd6 Qa2+ 38. Rd2 $18) 36. Qxe6 Nxg5 37. Qxd6
Qxd6 38. Rxd6 Nxe4 39. Rd8+ Rg8 40. Rxg8+ Kxg8 41. g4 $2 (41. Nf5 $142) 41...
Kf7 42. Kd3 Nf6 43. Kc4 Ke6 44. Kb5 Ke5 (44... h5 $5 45. gxh5 Nxh5 $140 46. Ka6
Ke5 47. Kxa7 Kd4 48. Nd1 Kc5 $1 49. c3 (49. Ka6 Kb4 50. Kb6 Nf4 51. Kc6 Ne2 52.
Kd5 Nc1 $10) 49... Kb5 {/\Nh5-f4-e2xc3}) 45. c4 Kd4 $2 (45... Ne4 $3 46. c5 (
46. Nd5 Nf2) 46... Kf4 47. Nd5+ (47. Nc4 Nxc5 (47... Nc3+ 48. Ka6) 48. Kxc5
Kxg4 49. Ne5+ Kf5 $10) 47... Kxg4 (47... Ke5 48. Ne7 Ke6 49. Nc8 Nf6 50. Nxa7
Nxg4 51. c6 Kd6 52. Kb6 Nf6 53. Nb5+ $18) 48. c6 Nd6+ $1 (48... Kf5 49. c7 Nd6+
50. Kc6 Ke6 51. Nf6 h6 52. Ne4 Nc8 53. Nc5+ Kf7 54. Kb7 Ne7 55. Kxa7 (55. b4 h5
56. b5 h4 57. c8=Q Nxc8 58. Kxc8 h3 59. Nd3 Ke6 $1 60. Kb7 Kd5 $1 $10) 55... h5
56. b4 h4 57. b5 h3 58. Nd3 h2 59. Nf2 Ke8 60. b6 Nc8+ 61. Ka8 $1 $18) 49. Ka6
(49. Kc5 Ne8 $1 50. Nf6+ $140 $2 Nxf6 51. c7 Nd7+ 52. Kc6 Nb6) 49... Kf5 (49...
h5 50. c7 h4 51. Ne3+ (51. Nf6+ Kf4 52. Ne8 Nc8 53. Kb7 Ne7 54. Nf6 Ke5 55. Ng8
Nf5 56. Kc6 Nd6 57. Kd7 h3 58. Nh6 Kd5 59. Ng4 a5 60. Nf6+ Ke5 61. Ne4 h2 62.
Nxd6 h1=Q 63. c8=Q Qh3+) 51... Kg5 52. Nc4 Nc8 53. Kb7 Ne7 $10) 50. Kxa7 (50.
c7 Ke6) 50... Ke5 51. Ne3 Kd4 52. Nc4 Ne8 $10) (45... Ne8 46. Kc6 Kf4 47. Kd7
Nf6+ 48. Ke6 $18) (45... Ke4 {Dolmatov} 46. g5 $1 (46. Nf5 $2 Nxg4 47. c5 Kxf5)
46... Ne8 47. Nd5 $18) 46. Nf5+ Kc3 (46... Ke5 47. c5 Kd5 (47... Nxg4 48. c6) (
47... h5 48. gxh5 Kxf5 49. c6 Ke6 50. Ka6 Kd6 51. Kb7) 48. b4) 47. c5 Kxb3 (
47... Nxg4 {Dolmatov} 48. c6 $18) 48. c6 Nd5 (48... Ne8 49. Ka6 Kc4 50. Kxa7
Kd5 51. Kb6 Ke5 52. Ng7 Nf6 53. Kb7 Nd5 54. Nh5 Kd6 55. Nf6 $18) 49. Nd4+ $1
Kc3 (49... Kb2 50. Kc5 Nb6 51. c7 Nc8 52. Nf5) 50. Kc5 Ne7 (50... Nb4 51. Nb5+
Kb3 52. Nxa7 $18) (50... Nc7 {Dolmatov} 51. Nb5+ $18) 51. c7 Kd3 (51... Nc8 52.
Nb5+ Kd3 53. Kc6 a5 54. Nd6 Ne7+ 55. Kb7 a4 56. Nf5 a3 57. Nxe7 a2 58. c8=Q)
52. Nf5 Nc8 53. Kc6 a5 54. Kb7 a4 55. Kxc8 a3 56. Nd4 $1 (56. Nd4 a2 57. Nb3
Kc3 58. Na1 Kb2 59. Kd7 Kxa1 60. c8=Q $18) 1-0